[Event "Tata Steel Tienkampen 2023"]
[Site "Wijk aan Zee"]
[Date "2023.01.24"]
[Round "5.4"]
[White "Lopez, Jasel"]
[Black "Culum, Sanjin"]
[Result "0-1"]
[WhiteElo "2434"]
[BlackElo "2242"]
[Annotator "TA"]
[PlyCount "162"]
[EventDate "2023.01.20"]
[EventType "swiss"]
[EventCountry "NED"]
[SourceTitle "playchess.com"]
[Source "ChessBase"]
[SourceQuality "1"]

{[%evp 13,162,-4,0,0,16,0,25,25,58,49,67,63,61,0,0,2,163,18,4,13,3,14,11,6,60,0,39,39,57,45,53,62,38,28,37,31,46,59,79,89,81,74,78,83,90,72,54,32,54,44,77,0,0,0,0,0,0,0,28,-13,-11,-120,-23,-21,-17,-28,-19,-107,-62,-60,-65,-66,-80,-72,-67,-150,-162,-152,-153,-140,-133,-161,-152,-188,-160,-160,-160,-160,-154,-143,-144,-225,-225,-234,-234,-861,-479,-925,-918,-869,-742,-733,-734,-681,-551,-873,-857,-864,-868,-812,-815,-785,-789,-774,-578,-513,-422,-743,-660,-1237,-1229,-1214,-1214,-900,-264,-206,-80,-83,-83,-87,-87,-87,-87,-1120,-1104,-1153,-1108,-922,-343,-1014,-1001,-29965,-29967,-29964,-29968,-29968,-29963,-29978,-29977,-29982,-29983]} 1. d4 {[%emt 0:00:04]} Nf6 {[%emt 0:00:04]} 2. c4 {[%emt 0:00:08]} e6 {[%emt 0:00:04]} 3. Nc3 {[%emt 0:00:10]} Bb4 {[%emt 0:00:05]} 4. e3 {[%emt 0:00:16]} O-O {[%emt 0:00:33]} 5. Bd2 {[%emt 0:00:13]} d5 {[%emt 0:01:06]} 6. Nf3 {[%emt 0:00:39]} b6 {[%emt 0:00:53]} 7. cxd5 {[%emt 0:00:33]} exd5 {[%emt 0:00:06]} 8. Rc1 {[%emt 0:00:12] E51: Nimzo-Indian: Rubinstein: 4...0-0 5 Nf3 d5.} a6 {[%emt 0:01:54]} 9. Bd3 {[%emt 0:00:49]} Re8 {[%emt 0:01:01]} 10. Ne5 {[%emt 0:02:22] White has an edge.} Bd6 {[%emt 0:00:53]} 11. f4 {[%emt 0:01:31]} Bb7 {[%emt 0:00:38]} 12. O-O {[%emt 0:04:06]} c5 {[%emt 0:00:54]} 13. Qf3 {[%emt 0:14:12]} (13. Be1 $14) 13... Nc6 $11 {[%emt 0:07:03] [#]} 14. Qh3 $146 {[%emt 0:07:08][%cal Oc3d5] And now Nxd5! would win.} ({Predecessor:} 14. Ne2 cxd4 15. Nxc6 Bxc6 16. Rxc6 dxe3 17. Bxe3 Qe7 18. Bxb6 Qd7 19. Rc2 Rab8 20. Bd4 {1-0 Zatonskih,A (2362)-Voit,D (2260) Wch Blitz (Women) 2022 (15)}) 14... g6 $2 {[%emt 0:09:01]} (14... h6 $11) 15. Be1 {[%emt 0:12:03]} (15. Nxd5 $18 Nxd5 16. Nxf7) 15... cxd4 {[%emt 0:02:50]} 16. Nxc6 {[%emt 0:00:48]} Bxc6 {[%emt 0:00:08]} 17. exd4 {[%emt 0:00:11]} Nh5 {[%emt 0:01:27]} 18. Bh4 {[%emt 0:09:13]} Qb8 {[%emt 0:07:53]} (18... Be7 $1 $11 19. Bxe7 Qxe7) 19. Bg5 {[%emt 0:14:04]} ({White should try} 19. f5 $1 $14) 19... f6 {[%emt 0:04:38] [#]} (19... Nxf4 $2 20. Qf3 $18) 20. f5 $1 {[%emt 0:05:42][%cal Og2g3]} Bxh2+ {[%emt 0:22:38]} (20... fxg5 21. fxg6) 21. Qxh2 {[%emt 0:00:15]} Qxh2+ {[%emt 0:00:32]} 22. Kxh2 {[%emt 0:00:06]} fxg5 {[%emt 0:00:05]} 23. fxg6 {[%emt 0:04:38]} h6 {[%emt 0:02:18]} 24. Rf7 {[%emt 0:03:58]} Nf4 {[%emt 0:04:06]} 25. Nd1 {[%emt 0:12:10]} Re6 {[%emt 0:03:13]} 26. Bf5 {[%emt 0:02:36]} Rd6 {[%emt 0:00:21]} 27. Rc7 {[%emt 0:01:55]} Be8 {[%emt 0:01:28]} 28. Ne3 {[%emt 0:05:10]} Nxg6 {[%emt 0:03:02]} 29. Nxd5 {[%emt 0:01:43][%mdl 64] Decoy} Bf7 {[%emt 0:00:46] Black is weak on the light squares} 30. Ne3 {[%emt 0:00:43]} Re8 {[%emt 0:01:32] Inhibits Be4.} ({Don't play} 30... Rxd4 31. Ng4 Rf8 32. Ra7 $16 (32. Nxh6+ Kg7 $16)) 31. Ng4 {[%emt 0:00:12]} Ne7 {[%emt 0:02:30]} 32. Bb1 {[%emt 0:02:15]} (32. Bd7 $1 $16 {[%cal Rd7e8]} Rf8 33. Bc6) 32... Nd5 $36 {[%emt 0:02:10][%mdl 2048] Black is pushing.} 33. R7c6 {[%emt 0:00:54]} Ree6 {[%emt 0:00:41]} 34. Rc8+ {[%emt 0:00:17]} Kg7 {[%emt 0:00:17]} 35. Ne5 {[%emt 0:00:07]} Ne7 {[%emt 0:01:29]} 36. R8c7 {[%emt 0:04:18][%cal Ob1f5]} (36. Rf1 $5 {[%cal Rf1f7]} Nxc8 37. Rxf7+ Kh8 38. Bf5 $14) 36... Rxd4 {[%emt 0:00:21]} 37. Nf3 {[%emt 0:00:16]} (37. Nxf7 $11 {was the only way to keep the balance.} Kxf7 38. Bc2) 37... Rg4 {[%emt 0:02:08]} (37... Rd5 $17 38. Ra7 g4) 38. Bd3 {[%emt 0:00:42]} b5 {[%emt 0:00:41]} 39. Rd7 {[%emt 0:00:45]} Be8 {[%emt 0:04:15]} 40. Rd8 {[%emt 0:01:37]} (40. Ra7 $11 {keeps the balance.} Kf8 41. Ra8) 40... Bg6 {[%emt 0:03:08]} 41. Nd4 {[%emt 0:08:36]} Re3 {[%emt 0:08:51]} 42. Bxg6 {[%emt 0:01:09]} Kxg6 {[%emt 0:00:25]} 43. Rd6+ {[%emt 0:00:26]} Kh5 {[%emt 0:01:25]} 44. Rf1 {[%emt 0:00:18]} (44. Rd1 $15) 44... Rd3 $1 $17 {[%emt 0:03:50]} 45. Nf5 {[%emt 0:04:15][%csl Gf5][%cal Rd6h6]} Rxd6 {[%emt 0:00:45]} 46. Nxd6 {[%emt 0:00:08][%mdl 4096] Endgame KRN-KRN} Rd4 {[%emt 0:01:13] Against Rd1} 47. Ne8 {[%emt 0:00:08]} Nd5 {[%emt 0:04:47] Wards off Rf6} 48. Nf6+ {[%emt 0:03:40]} Kg6 {[%emt 0:00:30]} 49. Nxd5 {[%emt 0:00:08]} Rxd5 {[%emt 0:00:05] KR-KR} 50. Rc1 {[%emt 0:01:36]} a5 {[%emt 0:01:47][%cal Ba6a5,Ba5a4][%mdl 32]} 51. Rc6+ {[%emt 0:03:18]} Kh5 {[%emt 0:00:43]} 52. Ra6 {[%emt 0:00:11]} (52. a4 $17) 52... a4 $1 $19 {[%emt 0:01:50]} 53. Rb6 {[%emt 0:05:51] [#]} g4 $1 {[%emt 0:03:11] White must now prevent ...Kg5.} 54. Rf6 $2 {[%emt 0:01:52]} (54. b3) 54... Kg5 {[%emt 0:00:14]} 55. Rf2 {[%emt 0:00:04]} (55. Re6 $142 Rd2 56. b3) 55... h5 {[%emt 0:00:21]} 56. g3 {[%emt 0:00:03]} Rf5 {[%emt 0:00:15]} 57. Re2 {[%emt 0:00:20]} Kf6 {[%emt 0:00:10] Threatens to win with ...Re5.} 58. Kg2 {[%emt 0:00:25]} Re5 {[%emt 0:00:11]} 59. Rd2 {[%emt 0:00:09]} Kf5 {[%emt 0:00:46]} 60. Kf2 {[%emt 0:00:53]} Ke4 {[%emt 0:00:41]} 61. Re2+ {[%emt 0:01:44]} Kd4 {[%emt 0:00:14] ...Rxe2+ would be deadly.} 62. Rd2+ {[%emt 0:00:04]} Kc4 {[%emt 0:00:10]} 63. Rc2+ {[%emt 0:00:36]} Kb4 {[%emt 0:01:31] aiming for ...Rf5+.} 64. Rc3 {[%emt 0:00:12]} Ka5 {[%emt 0:00:58] ...Rf5+ is the strong threat.} 65. Rc6 {[%emt 0:00:43]} (65. Rd3 $142 Rc5 66. Rd2) 65... Rf5+ {[%emt 0:00:28]} 66. Kg2 {[%emt 0:01:16]} Rd5 {[%emt 0:00:14] Prevents Rd6.} 67. Rc2 {[%emt 0:00:04] Wards off Rd2+} b4 {[%emt 0:00:11]} 68. Kf2 {[%emt 0:00:07]} Re5 $2 {[%emt 0:00:20]} (68... b3 69. axb3 axb3) 69. Rc8 {[%emt 0:03:17]} b3 {[%emt 0:02:38]} (69... Kb5 $19 {Strongly threatening ...Rf5+.} 70. Rf8 Kc4 71. Rf4+ Kc5) 70. axb3 $17 {[%emt 0:02:02]} axb3 {[%emt 0:00:05]} 71. Rb8 {[%emt 0:00:33] [#]} Ka4 $1 {[%emt 0:00:27]} 72. Ra8+ {[%emt 0:00:26]} Kb4 {[%emt 0:00:08]} 73. Rb8+ $2 {[%emt 0:00:06][%mdl 8192]} (73. Rc8 $17) 73... Kc4 $19 {[%emt 0:00:14]} 74. Rc8+ {[%emt 0:00:23]} Rc5 {[%emt 0:01:20]} 75. Rd8 {[%emt 0:00:05]} Rf5+ $2 {[%emt 0:02:52]} (75... Rd5 76. Rc8+ Kd4) 76. Kg2 $2 {[%emt 0:03:10]} (76. Ke3 Rf3+ 77. Ke4) 76... Rf3 {[%emt 0:07:07] ( -> ...Rd3)} 77. Rc8+ {[%emt 0:00:09]} Kd3 {[%emt 0:00:38] Black mates.} 78. Rc5 {[%emt 0:01:35]} Re3 {[%emt 0:00:14]} 79. Kf1 {[%emt 0:00:20]} Kd2 {[%emt 0:00:33]} (79... Rxg3 $2 80. Rc3+ (80. Rxh5 Rf3+ 81. Ke1 Kc2 $19) 80... Kd2 81. Rxg3 $18) 80. Rxh5 {[%emt 0:00:35]} Kc2 {[%emt 0:00:18]} 81. Kf2 {[%emt 0:01:55]} Re4 {[%emt 0:00:22] Weighted Error Value: White=0.45/Black=0.19 (very precise)} 0-1

[Event "Tata Steel Tienkampen 2023"]
[Site "Wijk aan Zee"]
[Date "2023.01.24"]
[Round "5.5"]
[White "Van der Werf, Mark"]
[Black "Martins, Vinicius Tine"]
[Result "1-0"]
[WhiteElo "2412"]
[BlackElo "2320"]
[Annotator "TA"]
[PlyCount "109"]
[EventDate "2023.01.20"]
[EventType "swiss"]
[EventCountry "NED"]
[SourceTitle "playchess.com"]
[Source "ChessBase"]
[SourceQuality "1"]

{[%evp 20,109,0,0,20,36,29,16,16,0,52,12,20,33,29,28,25,18,47,45,70,77,80,77,79,71,73,50,53,47,82,55,136,138,122,104,132,134,177,168,132,41,232,217,223,220,222,215,225,215,215,154,222,229,323,322,502,482,554,536,737,747,719,477,450,396,470,324,307,282,392,392,547,358,414,414,426,441,415,418,629,494,492,498,1171,1160,1890,1832,1300,775,766,772]} 1. d4 {[%emt 0:00:04]} Nf6 {[%emt 0:00:15]} 2. c4 {[%emt 0:00:05]} e6 {[%emt 0:00:08]} 3. Nc3 {[%emt 0:00:04]} Bb4 {[%emt 0:00:14]} 4. e3 {[%emt 0:00:04]} O-O {[%emt 0:00:55]} 5. Bd3 {[%emt 0:00:19]} d5 {[%emt 0:00:23]} 6. a3 {[%emt 0:00:08]} Bxc3+ {[%emt 0:01:02]} 7. bxc3 {[%emt 0:00:05]} c5 {[%emt 0:00:33]} 8. cxd5 {[%emt 0:00:06]} exd5 {[%emt 0:00:20]} 9. Ne2 {[%emt 0:00:40]} Nc6 {[%emt 0:17:40]} 10. f3 {[%emt 0:00:14]} Re8 {[%emt 0:01:04]} 11. O-O {[%emt 0:00:07]} Qd6 {[%emt 0:05:12] E49: Nimzo-Indian: Rubinstein: 5 Bd3 d5 6 a3 Bxc3+ 7 bxc3.} 12. Qe1 {[%emt 0:09:00]} Bd7 {[%emt 0:24:02] [#]} 13. Rb1 $146 {[%emt 0:08:49]} ({Predecessor:} 13. Qg3 Qxg3 14. Nxg3 g6 15. Re1 Na5 16. Rb1 Ba4 17. Bb5 Bxb5 18. Rxb5 b6 19. dxc5 {½-½ Andrejic,V (2221)-Jovic,B (1947) Belgrade-ch 2010 (9)}) 13... b6 {[%emt 0:11:52] The position is equal.} 14. Qh4 {[%emt 0:08:09]} Ne7 {[%emt 0:01:58]} (14... h6 $11) 15. g4 {[%emt 0:07:30]} (15. e4 $5 {[%cal Re4e5]} Nf5 16. exf5 $14) 15... Ng6 {[%emt 0:10:05]} 16. Qg3 {[%emt 0:01:56]} Qxg3+ {[%emt 0:08:48]} 17. Nxg3 {[%emt 0:00:17]} h6 {[%emt 0:01:43]} 18. Bd2 {[%emt 0:05:25]} (18. Kf2 {is more complex.} Rac8 19. Bd2 Nh4 20. Rbe1) 18... Rac8 {[%emt 0:02:41]} (18... Nh4 {seems wilder.} 19. Kf2 Rad8 20. Bc2 Rc8) 19. Nf5 {[%emt 0:01:57] And now Nd6 would win.} Bxf5 {[%emt 0:06:51]} 20. Bxf5 {[%emt 0:00:17]} Rc7 {[%emt 0:00:11]} 21. Bd3 {[%emt 0:04:32]} Ne7 {[%emt 0:02:40]} 22. h4 {[%emt 0:06:32] White is more active.} Nc6 {[%emt 0:01:00]} 23. g5 {[%emt 0:01:44]} hxg5 {[%emt 0:04:07]} 24. hxg5 {[%emt 0:00:04]} Nd7 {[%emt 0:00:15]} 25. g6 {[%emt 0:00:28]} Na5 {[%emt 0:01:58]} ({Better is} 25... fxg6 $14 26. Bxg6 Re6) 26. gxf7+ {[%emt 0:07:50]} Kxf7 {[%emt 0:00:02]} 27. e4 $1 {[%emt 0:00:12]} cxd4 {[%emt 0:06:18]} 28. cxd4 {[%emt 0:00:08]} Nc4 {[%emt 0:00:15]} 29. Bf4 {[%emt 0:12:19]} Rcc8 {[%emt 0:00:15]} 30. Rb5 {[%emt 0:06:32]} (30. exd5 $16 {Black must now prevent Rfc1.} Ne3 31. Bb5 Nxd5 32. Bxd7 Nxf4 33. Bxe8+ Kxe8 34. Kf2) 30... Nxa3 $2 {[%emt 0:02:10] A mistake that costs the game.} (30... Nf6 $14) 31. Rxd5 $18 {[%emt 0:00:05]} Nf6 {[%emt 0:00:07]} 32. Rg5 {[%emt 0:10:34]} Rc3 {[%emt 0:00:42]} 33. Ba6 {[%emt 0:01:09]} Rd8 {[%emt 0:00:43] [#]} 34. d5 {[%emt 0:06:39]} b5 {[%emt 0:00:24]} 35. Bd2 {[%emt 0:01:13]} Rd3 {[%emt 0:00:34]} (35... Rb3 $16 36. Ba5 Rd6) 36. Bb4 {[%emt 0:00:45]} Nc2 {[%emt 0:00:14] [#]} (36... Rb3 $142) 37. Ba5 $1 {[%emt 0:00:26]} ({Not} 37. Bxb5 Nxb4 38. Bxd3 Nxd3 $16) 37... Rb8 {[%emt 0:00:52]} (37... Rf8 {was called for.} 38. Bxb5 Ra3) 38. Bc7 {[%emt 0:00:54][%mdl 64] Deflection} Rh8 {[%emt 0:00:01]} 39. Bxb5 {[%emt 0:00:36]} Rc3 {[%emt 0:00:55]} 40. Be5 {[%emt 0:00:50]} Rc5 {[%emt 0:00:27]} 41. Bd3 {[%emt 0:03:27] Strongly threatening Rb1. This pair of bishops is nice.} Nb4 {[%emt 0:04:09]} 42. Be2 {[%emt 0:02:05]} a5 {[%emt 0:05:53]} 43. Bd6 {[%emt 0:07:04]} Rc2 {[%emt 0:00:53]} 44. Bd1 {[%emt 0:01:08]} Rc3 {[%emt 0:01:30]} 45. Be5 {[%emt 0:00:48]} Rd3 {[%emt 0:02:14]} 46. Bc7 {[%emt 0:05:09]} Ra8 {[%emt 0:02:12]} 47. Ba4 {[%emt 0:00:18]} Ra3 {[%emt 0:01:15]} 48. Bb5 {[%emt 0:00:34]} Rc3 {[%emt 0:08:43]} 49. Be5 {[%emt 0:00:51]} Rc2 {[%emt 0:01:10]} (49... Rc5 $142 50. Ba4 Nd3) 50. Ra1 {[%emt 0:06:44] White is clearly winning.} Rc5 {[%emt 0:01:17]} 51. Bf1 {[%emt 0:03:02]} a4 {[%emt 0:11:11]} (51... Rc2 $142 52. Bh3 Ne8) 52. Rb1 {[%emt 0:05:18]} a3 {[%emt 0:05:32]} 53. Rxb4 {[%emt 0:00:09] Rb7+ would kill now.} Ra7 {[%emt 0:00:06] Inhibits Rb7+.} 54. Rb1 {[%emt 0:00:37] Hoping for Bd4.} a2 {[%emt 0:00:27]} 55. Ra1 {[%emt 0:00:23] Weighted Error Value: White=0.35/Black=0.48} 1-0

[Event "Tata Steel Tienkampen 2023"]
[Site "Wijk aan Zee"]
[Date "2023.01.25"]
[Round "6.1"]
[White "Van Dael, Siem"]
[Black "Lopez, Jasel"]
[Result "1-0"]
[WhiteElo "2291"]
[BlackElo "2434"]
[Annotator "TA"]
[PlyCount "51"]
[EventDate "2023.01.20"]
[EventType "swiss"]
[EventCountry "NED"]
[SourceTitle "playchess.com"]
[Source "ChessBase"]
[SourceQuality "1"]

{[%evp 14,51,19,18,31,15,44,50,44,39,41,49,57,62,49,44,47,39,76,76,83,90,93,83,165,172,181,181,236,232,335,327,327,316,512,514,481,500,564,560]} 1. e4 {[%emt 0:00:23]} c6 {[%emt 0:00:07]} 2. d4 {[%emt 0:00:11]} d5 {[%emt 0:00:05]} 3. Nd2 {[%emt 0:01:30]} dxe4 {[%emt 0:00:58]} 4. Nxe4 {[%emt 0:00:07]} Nf6 {[%emt 0:00:08]} 5. Nxf6+ {[%emt 0:00:06]} exf6 {[%emt 0:00:07]} 6. c3 {[%emt 0:00:08]} Bd6 {[%emt 0:00:06]} 7. Bd3 {[%emt 0:00:06]} O-O {[%emt 0:00:10]} 8. Qc2 {[%emt 0:00:05] Active counter play!} Re8+ {[%emt 0:00:13] B15: Caro-Kann: 3 Nc3: 3...g6 and 3...dxe4 4 Nxe4 Nf6 5 Nxf6+ exf6.} 9. Ne2 {[%emt 0:00:07]} h5 {[%emt 0:00:06]} 10. O-O {[%emt 0:00:10]} Qc7 {[%emt 0:08:48] White is slightly better.} 11. h3 {[%emt 0:05:17]} Nd7 {[%emt 0:01:31] [#]} 12. Ng3 $1 {[%emt 0:03:19]} Bxg3 {[%emt 0:01:15]} (12... c5 13. Nxh5) 13. fxg3 {[%emt 0:00:02]} (13. Bh7+ {with more complications.} Kh8 14. fxg3 Nf8 15. Bf4) 13... Nf8 {[%emt 0:00:23]} (13... Qxg3 $2 14. Bf4 Qh4 15. g3 Qxh3 16. Bf5 $16) 14. Bf4 {[%emt 0:00:35][%cal Bc1f4,Bf4d6,Bd6a3][%mdl 32]} Qd8 {[%emt 0:05:09] [#]} 15. Kh2 $146 {[%emt 0:04:14]} ({Predecessor:} 15. Qf2 Be6 16. c4 Qa5 17. Bd2 Qb6 18. Bc3 Rad8 19. Rad1 Qc7 20. b3 b5 21. Qf3 bxc4 22. bxc4 {1-0 Predke,A (2620)-Rahman,Z (2470) New Delhi Parsvnath op-A 17th 2019 (10)}) 15... Ne6 {[%emt 0:01:46]} 16. Rae1 {[%emt 0:00:50]} Bd7 {[%emt 0:05:18] Black is weak on the dark squares} 17. Bd6 {[%emt 0:01:10]} Bc8 {[%emt 0:04:14]} 18. Ba3 {[%emt 0:08:24] This pair of bishops is nice.} Nc7 {[%emt 0:00:36]} (18... a5 $16) 19. Rxe8+ $18 {[%emt 0:01:14]} Nxe8 {[%emt 0:02:23]} 20. Qe2 {[%emt 0:01:00]} g6 {[%emt 0:10:27] [#]} (20... h4 $142 21. gxh4 (21. Qh5 hxg3+ 22. Kg1 f5 $16) 21... Be6) 21. Re1 $1 {[%emt 0:12:27]} Bd7 {[%emt 0:02:09] [#]} (21... Be6 {was worth a try.} 22. Bxg6 Ng7) 22. Bxg6 $1 {[%emt 0:01:44][%mdl 512]} fxg6 {[%emt 0:00:08]} 23. Qc4+ {[%emt 0:00:04]} Kg7 $2 {[%emt 0:00:15]} (23... Kh7 {keeps fighting.} 24. Re7+ Ng7) 24. Re7+ {[%emt 0:00:43] White is clearly winning.} Qxe7 {[%emt 0:00:14]} 25. Bxe7 {[%emt 0:00:07]} b6 {[%emt 0:09:42]} 26. d5 {[%emt 0:02:11] Weighted Error Value: White=0.01 (flawless) /Black=0.37} 1-0

[Event "Tata Steel Tienkampen 2023"]
[Site "Wijk aan Zee"]
[Date "2023.01.25"]
[Round "6.2"]
[White "Martins, Vinicius Tine"]
[Black "Pijpers, Arthur"]
[Result "1/2-1/2"]
[WhiteElo "2320"]
[BlackElo "2445"]
[Annotator "TA"]
[PlyCount "89"]
[EventDate "2023.01.20"]
[EventType "swiss"]
[EventCountry "NED"]
[SourceTitle "playchess.com"]
[Source "ChessBase"]
[SourceQuality "1"]

{[%evp 9,89,8,16,9,17,15,50,47,43,33,55,29,29,29,29,31,43,52,61,59,74,33,40,27,39,38,43,41,67,66,63,48,85,50,57,25,35,31,48,33,56,51,59,50,54,0,0,0,0,0,0,-4,0,0,0,0,0,0,0,0,76,0,0,0,0,0,0,0,0,0,0,0,0,0,0,0,0,0,0,0,0,0]} 1. Nf3 {[%emt 0:00:03]} d5 {[%emt 0:00:04]} 2. e3 {[%emt 0:00:11]} Nf6 {[%emt 0:00:07]} 3. c4 {[%emt 0:01:56]} c6 {[%emt 0:00:05]} 4. b3 {[%emt 0:00:37]} Bf5 {[%emt 0:01:15]} 5. Be2 {[%emt 0:06:07]} h6 6. Ba3 {[%emt 0:08:57] [#] A12: English Opening: 1...c6 with b3 by White.} g5 $146 {[%emt 0:10:24]} ({Predecessor:} 6... Nbd7 7. O-O e6 8. Bxf8 Nxf8 9. Nc3 N8d7 10. d4 O-O 11. b4 Qe7 12. Qb3 Bg4 {0-1 Dzagnidze,N (2510)-Goryachkina,A (2522) Candidates (Women) 2019 (6)}) 7. O-O {[%emt 0:15:51]} Bg7 {[%emt 0:01:47]} 8. d4 {[%emt 0:00:37] White is slightly better.} Nbd7 {[%emt 0:12:20]} 9. Nc3 {[%emt 0:11:29]} Ne4 {[%emt 0:02:13]} 10. Nxe4 {[%emt 0:11:28]} dxe4 {[%emt 0:03:08]} 11. Nd2 {[%emt 0:01:18]} c5 {[%emt 0:11:24]} 12. Bb2 {[%emt 0:19:58]} (12. Bxc5 Nxc5 13. Qc2 Na6 14. Nxe4 Qd7 $17) 12... cxd4 {[%emt 0:21:07]} 13. Bxd4 {[%emt 0:00:27]} Bxd4 {[%emt 0:05:01]} 14. exd4 {[%emt 0:00:03][%cal Be3d4,Bd4d5][%mdl 32]} Nf6 {[%emt 0:00:06]} 15. d5 {[%emt 0:03:05]} Qd6 {[%emt 0:03:32]} 16. Re1 {[%emt 0:02:05]} O-O {[%emt 0:04:19]} 17. Nf1 {[%emt 0:05:13]} Bg6 {[%emt 0:01:49]} 18. Qd2 {[%emt 0:15:10]} e6 {[%emt 0:07:40]} 19. dxe6 {[%emt 0:01:45]} Qxe6 {[%emt 0:00:01]} 20. Rad1 {[%emt 0:00:33]} Rad8 {[%emt 0:02:25]} 21. Qe3 {[%emt 0:02:01]} b6 {[%emt 0:01:48]} 22. Rd2 {[%emt 0:01:18]} Rfe8 {[%emt 0:04:37][%cal Bf8e8,Be8e7,Be7d7][%mdl 32]} 23. Red1 {[%emt 0:00:34]} Rxd2 {[%emt 0:00:03]} 24. Qxd2 {[%emt 0:01:21]} Bh5 {[%emt 0:00:48]} 25. Ne3 {[%emt 0:00:37]} Bxe2 {[%emt 0:05:06]} 26. Qxe2 {[%emt 0:00:02]} Re7 {[%emt 0:00:08] [#]} 27. h4 {[%emt 0:01:50]} gxh4 $11 {[%emt 0:01:38]} 28. Nd5 {[%emt 0:00:56]} Nxd5 {[%emt 0:00:31]} 29. cxd5 {[%emt 0:00:48][%mdl 4096] Endgame KQR-KQR} Qg6 {[%emt 0:01:28]} 30. Qe3 {[%emt 0:00:24]} f5 {[%emt 0:02:28]} 31. d6 {[%emt 0:01:10]} Rd7 {[%emt 0:00:08]} 32. Qc3 {[%emt 0:00:29] Threatening mate with Qc8+.} Kh7 {[%emt 0:01:07]} (32... Rxd6 $2 33. Qc8+ Kh7 34. Qc7+ Qg7 35. Qxg7+ Kxg7 36. Rxd6 $18) 33. Qe5 {[%emt 0:00:39]} h3 {[%emt 0:03:32][%csl Gh3][%cal Rg6g2]} 34. g3 {[%emt 0:00:03]} h2+ {[%emt 0:00:01]} 35. Kxh2 {[%emt 0:00:45] White is more active.} (35. Kh1 $1 $16) 35... Qh5+ {[%emt 0:01:14] The position is equal.} 36. Kg2 {[%emt 0:00:01] And now Re1 would win.} Qf3+ {[%emt 0:00:05][%mdl 64] [#] Deflection} (36... Qxd1 37. Qxf5+ Kh8 38. Qxd7 Qf3+ 39. Kg1 Qd1+ 40. Kh2 $16) 37. Kh2 {[%emt 0:00:15]} Qh5+ {[%emt 0:01:59]} (37... Qxd1 38. Qxf5+ Kg8 39. Qxd7 Qh5+ 40. Kg2 Qf3+ 41. Kg1 Qd1+ 42. Kh2 Qh5+ 43. Kg1 Qd1+ 44. Kh2 $16) (37... Rg7 38. Rd2 e3 39. fxe3 (39. Qxe3 Qxe3 40. fxe3 Rd7 $16)) 38. Kg2 {[%emt 0:00:02] Hoping for Re1.} Qf3+ {[%emt 0:00:03][%mdl 64] Deflection} (38... Qxd1 39. Qxf5+ Kh8 40. Qxd7 Qf3+ 41. Kg1 Qd1+ 42. Kh2 $18) 39. Kh2 {[%emt 0:00:01] Threatens to win with Rd2.} Qxf2+ {[%emt 0:01:15]} ({But not} 39... Qxd1 40. Qxf5+ Kh8 41. Qxd7 $16) ({Don't take} 39... Rg7 40. Rd2 e3 41. Qxe3 Qxe3 42. fxe3 $18) 40. Kh3 $1 {[%emt 0:00:10]} h5 {[%emt 0:00:27]} (40... Qxa2 {leads to mate.} 41. Qxf5+ Kh8 42. Qxd7 Qe2 43. Qe8+ Kg7 44. Rc1 Kf6 45. d7) 41. Qe8 {[%emt 0:32:34][%csl LRd7,LRh5] Repels Qf3} Rg7 {[%emt 0:00:27][%csl Gg7][%cal Rf2g3]} 42. Qxh5+ {[%emt 0:00:30]} Kg8 {[%emt 0:00:02][%csl Gg7][%cal Rf2g3]} 43. Qe8+ {[%emt 0:06:16]} Kh7 {[%emt 0:00:04][%csl Gg7][%cal Rf2g3]} 44. Qh5+ {[%emt 0:00:33]} Kg8 {[%emt 0:00:02][%csl Gg7][%cal Rf2g3]} 45. Qe8+ {[%emt 0:03:51] Weighted Error Value: White=0.11 (very precise) /Black=0.09 (flawless)} 1/2-1/2